Statistics for UK Mammals By Picture

Click here to take the quiz!

General Stats

  • This quiz has been taken 17 times
  • The average score is 11 of 44

Answer Stats

Answer% Correct
Red Squirrel
83%
Grey Squirrel
67%
Orca
58%
Wild Boar
50%
Red Deer
42%
Red Fox
42%
Roe Deer
42%
Stoat
42%
Fallow Deer
33%
Harvest Mouse
33%
House Mouse
33%
Pygmy Shrew
33%
Black Rat
25%
Common Dolphin
25%
Grey Seal
25%
Reeves' Muntjac
25%
Weasel
25%
Yellow Necked Mouse
25%
American Mink
17%
Bank Vole
17%
Brown Hare
17%
Brown Rat
17%
Edible Dormouse
17%
Eurasian Beaver
17%
European Badger
17%
European Hedgehog
17%
European Mole
17%
European Otter
17%
Field Vole
17%
Greater Horseshoe Bat
17%
Harbour Porpoise
17%
Hazel Dormouse
17%
Minke Whale
17%
Mountain Hare
17%
Pine Marten
17%
Polecat
17%
Risso's Dolphin
17%
Scottish Wildcat
17%
Sika Deer
17%
Water Shrew
17%
Water Vole
17%
Wood Mouse
17%
Long Finned Pilot Whale
8%
Soprano Pipistrelle
8%

Score Distribution

Percentile by Number Answered

Percent of People with Each Score

Your Score History

You have not taken this quiz